| 000 | 00575nam a22001817a 4500 | ||
|---|---|---|---|
| 003 | CEME | ||
| 005 | 20210628205036.0 | ||
| 008 | 210203b xxu||||| |||| 00| 0 eng d | ||
| 020 | _a0-19-579896-1 | ||
| 040 | _c. | ||
| 082 | _a909 HIN | ||
| 100 |
_aSohail Anjum, Huntington, Samuel.P _973584 |
||
| 245 | _aTehzeeban ka tasadam aur alami nazam key tashkil, the clash of civilizations and the remaking of world order | ||
| 260 |
_aLAHORE _bOXFORD _c2003 |
||
| 300 | _a475P | ||
| 650 |
_aTHE CLASH OF CIVILIZATIONS AND THE REMAKING OF WORLD ORDER _973585 |
||
| 942 |
_cBK _2ddc |
||
| 999 |
_c579271 _d579271 |
||